000 00500nam a2200181Ia 4500
008 151213s9999 xx 000 0 und d
020 _a978-0-13-600998-6
082 _a658.8
_b658.8
100 _aPhilip Kotler/ Kevin Lane Keller
245 _aMarketing Management
_cPhilip Kotler/ Kevin Lane Keller
250 _a13th
260 _aNew Jersey
_bPearson
_c2009
300 _a11718 p.
650 _aMarketing
650 _aMarketing
700 _aPhilip Kotler/ Kevin Lane Keller
999 _c5019
_d5019